Grass root politics and Panchayati raj / (Record no. 5807)
[ view plain ]
| 000 -LEADER | |
|---|---|
| fixed length control field | 00973nam a2200289 a 4500 |
| 001 - CONTROL NUMBER | |
| control field | 5807 |
| 003 - CONTROL NUMBER IDENTIFIER | |
| rucl marc code | BD-RjUL |
| 005 - DATE AND TIME OF LATEST TRANSACTION | |
| control field | 20211208234131.0 |
| 008 - FIXED-LENGTH DATA ELEMENTS--GENERAL INFORMATION | |
| fixed length control field | 140107s1994 ii a b 001 0 eng |
| 020 ## - INTERNATIONAL STANDARD BOOK NUMBER | |
| Canceled/invalid ISBN | 8171006003 |
| 035 ## - SYSTEM CONTROL NUMBER | |
| System control number | (BD-RjUL)5846 |
| 040 ## - CATALOGING SOURCE | |
| Original cataloging agency | DLC |
| Transcribing agency | DLC |
| Language of cataloging | eng |
| Modifying agency | BD-RjUL |
| 041 ## - LANGUAGE CODE | |
| Language code of text/sound track or separate title | eng |
| 082 04 - DEWEY DECIMAL CLASSIFICATION NUMBER | |
| Edition number | 23 |
| Classification number | 320.80954 |
| Author mark and year | SHG 1994 |
| 100 1# - MAIN ENTRY--PERSONAL NAME | |
| Personal name | Sharma, Shakuntla, |
| 9 (RLIN) | 18247 |
| 245 10 - TITLE STATEMENT | |
| Title | Grass root politics and Panchayati raj / |
| Statement of responsibility, etc. | Shakuntla Sharma , foreword by Gopal Singh. |
| 260 ## - PUBLICATION, DISTRIBUTION, ETC. (IMPRINT) | |
| Place of publication, distribution, etc. | New Delhi : |
| Name of publisher, distributor, etc. | Deep & Deep Publications, |
| Date of publication, distribution, etc. | 1994. |
| 300 ## - PHYSICAL DESCRIPTION | |
| Pagination | xii, 319 p. : |
| Size | 22 cm. |
| Illustrations | ill. ; |
| 500 ## - GENERAL NOTE | |
| General note | Spine title: Grassroot politics and Panchayati raj. |
| 504 ## - BIBLIOGRAPHY, ETC. NOTE | |
| Bibliography, etc | Includes bibliographical references and index. |
| 650 #0 - SUBJECT ADDED ENTRY--TOPICAL TERM | |
| Topical term or geographic name as entry element | Panchayat |
| Geographic subdivision | India. |
| 9 (RLIN) | 18240 |
| Topical term or geographic name as entry element | Local government |
| Geographic subdivision | India. |
| 9 (RLIN) | 18248 |
| 651 #0 - SUBJECT ADDED ENTRY--GEOGRAPHIC NAME | |
| Geographic name | India |
| General subdivision | Politics and government |
| Chronological subdivision | 1947- |
| 9 (RLIN) | 18249 |
| 942 ## - ADDED ENTRY ELEMENTS (KOHA) | |
| Source of classification or shelving scheme | Dewey Decimal Classification |
| Koha item type | Books |
| Lost status | Source of classification or shelving scheme | Damaged status | Not for loan | Collection code | Permanent Location | Current Location | Shelving location | Date acquired | Source of acquisition | Cost, normal purchase price | Total Checkouts | Full call number | Date last seen | Copy number | Koha item type |
|---|---|---|---|---|---|---|---|---|---|---|---|---|---|---|---|
| Dewey Decimal Classification | Non-fiction | Central Library, University of Rajshahi | Central Library, University of Rajshahi | 27/11/1996 | Tulip Ent. | 325.00 | 320.80954 SHG 1994 | 07/01/2014 | C-3 | Books | |||||
| Dewey Decimal Classification | Non-fiction | Central Library, University of Rajshahi | Central Library, University of Rajshahi | 27/11/1996 | Tupan tulip | 325.00 | 320.80954 SHG 1994 | 21/08/2016 | C-4 | Books | |||||
| Dewey Decimal Classification | Non-fiction | Central Library, University of Rajshahi | Central Library, University of Rajshahi | 27/11/1996 | Tulip entp. Dhaka | 325.00 | 320.80954 SHG 1994 | 29/09/2016 | C-2 | Books |